| 000 | 005790000a22001690004500 | ||
|---|---|---|---|
| 090 | _aSERIADAS | ||
| 245 | 1 | 0 | _aEstudio de la variación morfológica del Gonopodo de Strengeriana Maniformis (Brachyura: Pseudothelphusidae) mediante aplicación de morfometría geométrica |
| 690 |
_aMorfometría _993191 |
||
| 690 |
_aVariación morfológica _996157 |
||
| 690 |
_aCangrejos _993176 |
||
| 041 | 0 | _aEspañol | |
| 044 | _aColombia | ||
| 700 | 1 |
_aCampos, Martha R. _963261 |
|
| 100 | 1 |
_aPedraza, Manuel _9100489 |
|
| 942 | _cARTICULO | ||
| 773 | 1 |
_tCaldasia _mJun _h1 _q143-152 _d2007 _g29 |
|
| 999 |
_c16299 _d16299 |
||